Manual de derecho del trabajo

Gespeichert in:
Bibliographische Detailangaben
1. Verfasser: Thayer Arteaga, William (VerfasserIn)
Weitere Verfasser: Novoa Fuenzalida, Patricio (autor)
Format: Buch
Sprache:Spanisch
Veröffentlicht: Santiago Jurídica de Chile 1979
Schriftenreihe:Manuales Jurídicos, 75, 78
Schlagworte:
Tags: Tag hinzufügen
Keine Tags, Fügen Sie den ersten Tag hinzu!

MARC

LEADER 00000nam a2200000 a 4500
001 UCY0923
003 CL-VaPUC
008 940817e19790000CL |||||||||||||||||spa|d
082 0 4 |a 344.8301  |b THA  |2 21 
100 0 |a Thayer Arteaga, William  |e author  |9 328773 
700 |a Novoa Fuenzalida, Patricio  |e autor  |9 481778 
245 1 0 |a Manual de derecho del trabajo 
300 |a 3 v 
942 |c BK 
945 |d 19940817 00:00:00  |a aalvarez 
260 |a Santiago  |b Jurídica de Chile  |c 1979 
500 |a v.1: Introducción -- Generalidades sobre el derecho del trabajo en Chile 
500 |a v.2: Derecho colectivo del trabajo 
500 |a v.3: Derecho individual del trabajo 
650 7 |a DERECHO LABORAL  |2 CL-VaPUC  |9 15 
651 7 |a CHILE  |2 CL-VaPUC  |9 328775 
583 |a last modification  |c 20170711 04:03:48  |k Rodrigo Vera 
490 0 |a Manuales Jurídicos, 75, 78 
999 |c 229794  |d 229792 
952 |0 0  |1 0  |4 0  |6 344_830100000000000_THA_1979  |7 0  |8 A  |9 231385  |a BIBDER  |b BIBDER  |d 2019-11-15  |h v.3  |i 3010406  |o 344.8301 THA 1979  |p 3010406  |r 2023-01-25  |w 2019-11-15  |y BK  |k DER